00323nam a2200133Ia 4500008004100000020001600041041001200057100001600069245004700085250000800132260002500140300001000165650001400175221030s9999 xx 000 0 und d a93*50515044 aEnglish aS. C. Gupta 0aFundamentals of Statisticscby S. C. Gupta a7th bHPHaNew Delhic2015 a27.31 aMCA Maths